Detalles MARC
| 000 -LEADER |
| fixed length control field |
02758nam a2200481Ii 4500 |
| 001 - CONTROL NUMBER |
| control field |
DIGRILEDIT0380 |
| 003 - CONTROL NUMBER IDENTIFIER |
| control field |
NyNyDIG |
| 006 - FIXED-LENGTH DATA ELEMENTS--ADDITIONAL MATERIAL CHARACTERISTICS |
| fixed length control field |
m o d |
| 007 - PHYSICAL DESCRIPTION FIXED FIELD--GENERAL INFORMATION |
| fixed length control field |
cr ||||||||||| |
| 008 - FIXED-LENGTH DATA ELEMENTS--GENERAL INFORMATION |
| fixed length control field |
170127s2014 cl a ob 000 0 spa d |
| 020 ## - INTERNATIONAL STANDARD BOOK NUMBER |
| International Standard Book Number |
1449261086 |
| Qualifying information |
(eBook) |
| 020 ## - INTERNATIONAL STANDARD BOOK NUMBER |
| International Standard Book Number |
9781449261085 |
| Qualifying information |
(eBook) |
| 020 ## - INTERNATIONAL STANDARD BOOK NUMBER |
| Canceled/invalid ISBN |
9560100920 |
| 020 ## - INTERNATIONAL STANDARD BOOK NUMBER |
| Canceled/invalid ISBN |
9789560100924 |
| 035 ## - SYSTEM CONTROL NUMBER |
| System control number |
(OCoLC)970408109 |
| 040 ## - CATALOGING SOURCE |
| Original cataloging agency |
DGITA |
| Language of cataloging |
eng |
| Description conventions |
rda |
| -- |
pn |
| Transcribing agency |
DGITA |
| 043 ## - GEOGRAPHIC AREA CODE |
| Geographic area code |
s-cl--- |
| -- |
s-ck--- |
| 050 14 - LIBRARY OF CONGRESS CALL NUMBER |
| Classification number |
HQ799.2.P6 ebook |
| 082 04 - DEWEY DECIMAL CLASSIFICATION NUMBER |
| Classification number |
305.235 |
| 245 00 - TITLE STATEMENT |
| Title |
Juventud, memoria y movilización en América Latina contemporánea / |
| Statement of responsibility, etc. |
Juan Carlos Sánchez, Rodrigo Torres [editores]. |
| 264 #1 - PRODUCTION, PUBLICATION, DISTRIBUTION, MANUFACTURE, AND COPYRIGHT NOTICE |
| Place of production, publication, distribution, manufacture |
Providencia, Santiago de Chile : |
| Name of producer, publisher, distributor, manufacturer |
RiL editores, |
| Date of production, publication, distribution, manufacture, or copyright notice |
[2014] |
| 300 ## - PHYSICAL DESCRIPTION |
| Extent |
1 online resource : |
| Other physical details |
illustrations. |
| 336 ## - CONTENT TYPE |
| Content type term |
text |
| Source |
rdacontent |
| 337 ## - MEDIA TYPE |
| Media type term |
computer |
| Media type code |
c |
| Source |
rdamedia |
| 338 ## - CARRIER TYPE |
| Carrier type term |
online resource |
| Carrier type code |
cr |
| Source |
rdacarrier |
| 500 ## - GENERAL NOTE |
| General note |
"Bibliodiversidad." |
| 504 ## - BIBLIOGRAPHY, ETC. NOTE |
| Bibliography, etc. note |
Includes bibliographical references. |
| 505 0# - FORMATTED CONTENTS NOTE |
| Formatted contents note |
Juventud, memoria y movilización : Latinoamérica en movimiento construye su futuro / Juan Carlos Sánchez y Rodrigo Torres -- Juventud y participación : el movimiento de estudiantes secundarios como un "actor político" en la sociedad chilena post-Pinochet (1986-2006) / Rodrigo Torres -- Juventud, movilizaciones e identidad política en Chile / Camila Ponce Lara -- Entre el juego y la violencia : un estudio de caso sobre la agresión entre los jóvenes de las "barras bravas" de Bogotá / Nurys Esperanza Silva Cantillo -- ¿Del niño soldado al pequeño comerciante? : la problemática del concepto de víctima en el proceso de reintegración de jóvenes excombatientes en Colombia / Anne Rethmann -- Juventud rural, mística nacional y moralidad en el reclutamiento guerrilleros : los primeros años del ELN colombiano / Juan Carlos Sánchez Sierra. |
| 588 0# - SOURCE OF DESCRIPTION NOTE |
| Source of description note |
Online resource; title from PDF title page (Digitalia, viewed January 27, 2017) |
| 650 #0 - SUBJECT ADDED ENTRY--TOPICAL TERM |
| Topical term or geographic name entry element |
Youth |
| General subdivision |
Political activity |
| Geographic subdivision |
Chile. |
| 650 #0 - SUBJECT ADDED ENTRY--TOPICAL TERM |
| Topical term or geographic name entry element |
Youth |
| General subdivision |
Political activity |
| Geographic subdivision |
Colombia. |
| 650 #0 - SUBJECT ADDED ENTRY--TOPICAL TERM |
| Topical term or geographic name entry element |
Youth |
| Geographic subdivision |
Chile |
| General subdivision |
Social conditions. |
| 650 #0 - SUBJECT ADDED ENTRY--TOPICAL TERM |
| Topical term or geographic name entry element |
Youth |
| Geographic subdivision |
Colombia |
| General subdivision |
Social conditions. |
| 655 #0 - INDEX TERM--GENRE/FORM |
| Genre/form data or focus term |
Electronic books. |
| 700 1# - ADDED ENTRY--PERSONAL NAME |
| Personal name |
Sánchez Sierra, Juan Carlos, |
| Relator term |
editor. |
| 700 1# - ADDED ENTRY--PERSONAL NAME |
| Personal name |
Torres, Rodrigo |
| Titles and other words associated with a name |
(Doctoral student), |
| Relator term |
editor. |
| 776 08 - ADDITIONAL PHYSICAL FORM ENTRY |
| Relationship information |
Print version: |
| Title |
Juventud, memoria y movilización en América Latina contemporánea. |
| Edition |
Primera edición. |
| Place, publisher, and date of publication |
Santiago de Chile : RIL Editores, mayo de 2014 |
| International Standard Book Number |
9789560100924 |
| Record control number |
(OCoLC)889127681 |
| 791 2# - |
| -- |
Digitalia (Firm), |
| -- |
distributor. |
| 793 0# - |
| -- |
Digitalia eBook Collection: |
| -- |
Ril Editores |
| 856 40 - ELECTRONIC LOCATION AND ACCESS |
| Materials specified |
Digitalia Hispánica |
| Uniform Resource Identifier |
<a href="https://www.digitaliapublishing.com/a/29564/">https://www.digitaliapublishing.com/a/29564/</a> |
| 910 ## - USER-OPTION DATA (OCLC) |
| User-option data |
Premium collection: 2017 |
| 942 ## - ADDED ENTRY ELEMENTS (KOHA) |
| Koha item type |
Recurso Electrónico |